000
00222nam a22000857a 4500
008
170124b xxu||||| |||| 00| 0 eng d
100
_9
2538
_a
Purang.Y.P.etal.
245
_a
Environment Education-9
260
_a
New Delhi
_b
APC
_c
2011
999
_c
5627
_d
5627